Climbing People, Places and Problems - Statistics

General Stats
  • This quiz has been taken 76 times
  • The average score is 8 of 20
Answer Stats
Hint Answer % Correct
Which climber made the first ascent of Silence, the world's first 9c (5.15d) route? Adam Ondra
98%
Who is known for climbing free solo in the above valley? Alex Honnold
85%
Who won the first Olympic gold medal in women's climbing? Janja Garnbret
85%
What was the first 9A (V17) boulder problem? Burden of Dreams
75%
What Californian valley is known for its big wall climbing? Yosemite
68%
What French area is known as the birthplace of bouldering? Fontainebleau
56%
What Spanish island is known for its deep water soloing? Mallorca
56%
And who gave that problem its first ascent? Nalle Hukkataival
37%
Who is known for making the first free ascent of The Nose? Lynn Hill
36%
What speed climbing technique involves skipping a low hold on the wall? {Tomoa} Skip
36%
Which French climber is known for free soloing skyscrapers? Alain Robert
34%
Which German climb was the first to receive a consensus 9a (5.14d) grade? Action Directe
32%
Who was the first woman to send a V16 boulder problem? Katie Lamb
32%
Who starred, along with Obe Carrion, in the climbing film Rampage? Chris Sharma
27%
Which Korean climber is the oldest woman to win a Lead World Cup? Jain Kim
25%
Which climber was the first woman, and once the youngest, to climb V15? Ashima Shiraishi
20%
What does the 'V' in the V-scale stand for? Vermin
20%
Which Californian crag is known for its giant, glacial erratic Peabody boulders? The Buttermilks
14%
What big wall climbing pioneer shares a name with a US President? Warren Harding
8%
What boulder problem serves as the classic V5 benchmark in Japan? Ninja Gaeshi
2%
No matching quizzes found
Score Distribution
Percent of People with Each Score
Percentile by Number Answered
Your Score History
You have not taken this quiz